[Event "Bundesliga 0001"]
[Site "Deutschland"]
[Date "2000.12.09"]
[Round "3.3"]
[White "Agdestein, Simen"]
[Black "Bauer, Christian"]
[Result "1-0"]
[WhiteElo "2590"]
[BlackElo "2562"]
[PlyCount "78"]
[EventDate "2000.10.14"]
[EventType "team"]
[EventRounds "15"]
[EventCountry "GER"]
[SourceTitle "Bundesliga 0001"]
[Source "DeepChess"]
[SourceDate "2005.01.01"]
[SourceVersion "1"]
[SourceVersionDate "2005.01.01"]
[SourceQuality "1"]
[WhiteTeam "Luebecker SV von 1873 "]
[BlackTeam "TV Tegernsee"]
[WhiteTeamCountry "GER"]
[BlackTeamCountry "GER"]

1. d4 e6 2. c4 Nf6 3. Nc3 Bb4 4. e3 O-O 5. Bd3 d5 6. Nf3 b6 7. cxd5 exd5 8. Qc2
c5 9. dxc5 bxc5 10. O-O Qe7 11. Bd2 Nbd7 12. a3 Bxc3 13. Bxc3 Ne4 14. Nd2 Ndf6
15. Rac1 Nxc3 16. Qxc3 c4 17. Bc2 Rb8 18. Rb1 Re8 19. Rfe1 Rb6 20. Qd4 Bd7 21.
e4 Qe5 22. Qxe5 Rxe5 23. Nf3 Re8 24. e5 Nh5 25. b3 Ra6 26. a4 cxb3 27. Bxb3
Bxa4 28. Bxd5 Nf4 29. Bc4 Rg6 30. g3 Bc6 31. Nd4 Bd5 32. Bb5 Rb8 33. Bd3 Nh3+
34. Kf1 Rgb6 35. f4 Rb2 36. Rxb2 Rxb2 37. Re2 Rb4 38. Nf5 Kf8 39. Rd2 g6 $138
1-0

[Event "Bundesliga 0001"]
[Site "Deutschland"]
[Date "2000.12.09"]
[Round "3.4"]
[White "Hertneck, Gerald"]
[Black "De Firmian, Nick E"]
[Result "1/2-1/2"]
[WhiteElo "2541"]
[BlackElo "2567"]
[PlyCount "86"]
[EventDate "2000.10.14"]
[EventType "team"]
[EventRounds "15"]
[EventCountry "GER"]
[SourceTitle "Bundesliga 0001"]
[Source "DeepChess"]
[SourceDate "2005.01.01"]
[SourceVersion "1"]
[SourceVersionDate "2005.01.01"]
[SourceQuality "1"]
[WhiteTeam "TV Tegernsee"]
[BlackTeam "Luebecker SV von 1873 "]
[WhiteTeamCountry "GER"]
[BlackTeamCountry "GER"]

1. d4 Nf6 2. Nf3 e6 3. c4 b6 4. g3 Bb7 5. Bg2 Be7 6. Nc3 Ne4 7. Bd2 Bf6 8. O-O
O-O 9. Rc1 c5 10. Nxe4 Bxe4 11. Bc3 cxd4 12. Nxd4 Bxg2 13. Kxg2 d5 14. cxd5
Qxd5+ 15. Nf3 Qxd1 16. Rfxd1 Na6 17. Bxf6 gxf6 18. Nd4 Rfc8 19. a3 Nc5 20. b4
Na4 21. Nb5 Rxc1 22. Rxc1 a5 23. f4 axb4 24. axb4 Rd8 25. Rc6 Rd2 26. Kf3 Rb2
27. Nd6 Rb3+ 28. Kg4 Rc3 29. Rxc3 Nxc3 30. e4 b5 31. Kh5 Kf8 32. Kh6 Ke7 33.
Nc8+ Kd7 34. Na7 Kc7 35. Kxh7 Kb7 36. Nxb5 Nxb5 37. h4 e5 38. h5 f5 39. h6 fxe4
40. Kg8 e3 41. h7 e2 42. h8=Q e1=Q 43. Qxe5 Qxg3+ 1/2-1/2

[Event "Bundesliga 0001"]
[Site "Deutschland"]
[Date "2000.12.09"]
[Round "3.6"]
[White "Teske, Henrik"]
[Black "Hansen, Lars Bo"]
[Result "1/2-1/2"]
[WhiteElo "2463"]
[BlackElo "2562"]
[PlyCount "49"]
[EventDate "2000.10.14"]
[EventType "team"]
[EventRounds "15"]
[EventCountry "GER"]
[SourceTitle "Bundesliga 0001"]
[Source "DeepChess"]
[SourceDate "2005.01.01"]
[SourceVersion "1"]
[SourceVersionDate "2005.01.01"]
[SourceQuality "1"]
[WhiteTeam "TV Tegernsee"]
[BlackTeam "Luebecker SV von 1873 "]
[WhiteTeamCountry "GER"]
[BlackTeamCountry "GER"]

1. c4 e6 2. Nc3 d5 3. d4 c5 4. cxd5 exd5 5. Nf3 Nc6 6. Bg5 Be7 7. Bxe7 Ngxe7 8.
dxc5 Qa5 9. e3 Qxc5 10. Be2 O-O 11. O-O Rd8 12. Rc1 Bf5 13. Na4 Qd6 14. Nc5 Qf6
15. Qd2 d4 16. Nxb7 dxe3 17. Qxe3 Rdb8 18. Nc5 Rxb2 19. Bc4 Na5 20. Ne4 Bxe4
21. Qxe4 Rd8 22. Rfd1 Rxd1+ 23. Rxd1 g6 24. Bf1 Nac6 25. a4 1/2-1/2

[Event "Bundesliga 0001"]
[Site "Deutschland"]
[Date "2000.12.09"]
[Round "3.8"]
[White "Pezerovic, Edin"]
[Black "Mortensen, Erling"]
[Result "1-0"]
[WhiteElo "2426"]
[BlackElo "2438"]
[PlyCount "81"]
[EventDate "2000.10.14"]
[EventType "team"]
[EventRounds "15"]
[EventCountry "GER"]
[SourceTitle "Bundesliga 0001"]
[Source "DeepChess"]
[SourceDate "2005.01.01"]
[SourceVersion "1"]
[SourceVersionDate "2005.01.01"]
[SourceQuality "1"]
[WhiteTeam "TV Tegernsee"]
[BlackTeam "Luebecker SV von 1873 "]
[WhiteTeamCountry "GER"]
[BlackTeamCountry "GER"]

1. Nf3 Nf6 2. d4 g6 3. g3 Bg7 4. Bg2 O-O 5. O-O d6 6. Re1 Nc6 7. d5 Nb4 8. e4
Bg4 9. h3 Bxf3 10. Bxf3 Nd7 11. c3 Na6 12. Be3 c6 13. Bg2 Nc7 14. Qd2 Ne5 15.
Na3 Nb5 16. Nxb5 Nc4 17. Qe2 cxb5 18. Bd4 Bxd4 19. cxd4 Qb6 20. Red1 Rac8 21.
h4 b4 22. Bh3 Rc7 23. Rac1 Na5 24. Rxc7 Qxc7 25. Qd2 b3 26. a3 b5 27. Rc1 Nc4
28. Qc3 Qb6 29. Rd1 Na5 30. h5 Kg7 31. Kg2 Rb8 32. Qe3 Rb7 33. Qf4 Qd8 34. Rh1
gxh5 35. Bf5 e6 36. Rxh5 Qf6 37. Rxh7+ Kg8 38. dxe6 fxe6 39. Rh6 Qxh6 40. Qxh6
exf5 41. Qg5+ 1-0

[Event "Bundesliga 0001"]
[Site "Deutschland"]
[Date "2000.12.09"]
[Round "3.2"]
[White "Babula, Vlastimil"]
[Black "Atalik, Suat"]
[Result "1/2-1/2"]
[WhiteElo "2582"]
[BlackElo "2549"]
[PlyCount "104"]
[EventDate "2000.10.14"]
[EventType "team"]
[EventRounds "15"]
[EventCountry "GER"]
[SourceTitle "Bundesliga 0001"]
[Source "DeepChess"]
[SourceDate "2005.01.01"]
[SourceVersion "1"]
[SourceVersionDate "2005.01.01"]
[SourceQuality "1"]
[WhiteTeam "SAbt SV Werder Bremen"]
[BlackTeam "SF Neukoelln 03 e.V."]
[WhiteTeamCountry "GER"]
[BlackTeamCountry "GER"]

1. d4 Nf6 2. c4 e6 3. Nc3 Bb4 4. e3 c5 5. Bd3 O-O 6. Nf3 d5 7. O-O cxd4 8. exd4
dxc4 9. Bxc4 a6 10. a4 Nc6 11. Bg5 h6 12. Bh4 Be7 13. Re1 Bd7 14. Qe2 Re8 15.
Rad1 Nd5 16. Bxd5 exd5 17. Bxe7 Nxe7 18. Ne5 f6 19. Nd3 Bf5 20. Nc5 Nc6 21.
Qxe8+ Qxe8 22. Rxe8+ Rxe8 23. f3 b5 24. axb5 axb5 25. Nxb5 Rb8 26. Nc3 Rxb2 27.
Nxd5 Kf7 28. Nc3 Rc2 29. N3e4 Bxe4 30. Nxe4 f5 31. Ng3 g6 32. h4 h5 33. Nf1 Rc4
34. Kf2 Nxd4 35. f4 Nb3 36. g3 Rc2+ 37. Kf3 Ra2 38. Rd3 Rb2 39. Rd1 Ke6 40. Rd3
Nc5 41. Rd2 Rb3+ 42. Kg2 Ne4 43. Ra2 Kd5 44. Rc2 Kd4 45. Ra2 Kd3 46. Kf3 Rb1
47. Kg2 Rb3 48. Kf3 Kd4+ 49. Kg2 Rc3 50. Ra4+ Kd3 51. Ra2 Kd4 52. Ra4+ Kd3
1/2-1/2

[Event "Bundesliga 0001"]
[Site "Deutschland"]
[Date "2000.12.09"]
[Round "3.3"]
[White "Bunzmann, Dimitrij"]
[Black "Schandorff, Lars"]
[Result "0-1"]
[WhiteElo "2484"]
[BlackElo "2520"]
[PlyCount "80"]
[EventDate "2000.10.14"]
[EventType "team"]
[EventRounds "15"]
[EventCountry "GER"]
[SourceTitle "Bundesliga 0001"]
[Source "DeepChess"]
[SourceDate "2005.01.01"]
[SourceVersion "1"]
[SourceVersionDate "2005.01.01"]
[SourceQuality "1"]
[WhiteTeam "SF Neukoelln 03 e.V."]
[BlackTeam "SAbt SV Werder Bremen"]
[WhiteTeamCountry "GER"]
[BlackTeamCountry "GER"]

1. d4 Nf6 2. c4 g6 3. Nc3 d5 4. Nf3 Bg7 5. cxd5 Nxd5 6. e4 Nxc3 7. bxc3 c5 8.
Rb1 O-O 9. Be2 b6 10. Be3 Bb7 11. Qc2 e6 12. dxc5 Nd7 13. O-O Qc7 14. cxb6 axb6
15. Bb5 Nc5 16. Nd2 Ra3 17. Bd4 Rfa8 18. Rb2 Nxe4 19. Nc4 Rxc3 20. Bxc3 Nxc3
21. Ne3 Qe5 22. a4 Ne2+ 23. Bxe2 Qxb2 24. Qxb2 Bxb2 25. Rd1 Rxa4 26. Nc4 Rb4
27. Rd8+ Kg7 28. Nd6 Bc6 29. Rc8 Ba4 30. g4 Be5 31. Ne8+ Bxe8 32. Rxe8 Rb2 33.
Kf1 Bxh2 34. Re7 Bd6 35. Rb7 Bc5 36. g5 Rd2 37. Ke1 Rd5 38. f4 Rf5 39. Kd2 Rxf4
40. Bb5 h6 0-1

[Event "Bundesliga 0001"]
[Site "Deutschland"]
[Date "2000.12.09"]
[Round "3.5"]
[White "Borriss, Martin"]
[Black "Knaak, Rainer"]
[Result "1-0"]
[WhiteElo "2439"]
[BlackElo "2513"]
[PlyCount "120"]
[EventDate "2000.10.14"]
[EventType "team"]
[EventRounds "15"]
[EventCountry "GER"]
[SourceTitle "Bundesliga 0001"]
[Source "DeepChess"]
[SourceDate "2005.01.01"]
[SourceVersion "1"]
[SourceVersionDate "2005.01.01"]
[SourceQuality "1"]
[WhiteTeam "SF Neukoelln 03 e.V."]
[BlackTeam "SAbt SV Werder Bremen"]
[WhiteTeamCountry "GER"]
[BlackTeamCountry "GER"]

1. e4 e6 2. d4 d5 3. Nc3 Nf6 4. Bg5 Bb4 5. e5 h6 6. Bd2 Bxc3 7. bxc3 Ne4 8. Qg4
g6 9. Bd3 Nxd2 10. Kxd2 c5 11. Nf3 Bd7 12. h4 Qe7 13. Qf4 Bc6 14. h5 g5 15. Qe3
Nd7 16. Rhe1 O-O-O 17. dxc5 Kb8 18. Rab1 Rc8 19. Rb4 Ka8 20. Nd4 Nxc5 21. f3
Qc7 22. Ke2 Nd7 23. Kf2 Qa5 24. a4 Qc5 25. Reb1 Qxc3 26. Nxc6 Qxc6 27. Rxb7
Qxb7 28. Rxb7 Kxb7 29. Qd4 Nc5 30. Qb4+ Ka8 31. Kg3 Rc7 32. a5 Rb8 33. Qa3 Rc6
34. Bh7 a6 35. f4 Rh8 36. Bd3 Rg8 37. f5 exf5 38. Bxf5 Re8 39. Qe3 Ne6 40. Qd2
Rd8 41. Kh2 Nc5 42. Qd4 Ne6 43. Qb4 Nc5 44. Bg4 Re8 45. Qd4 Rd8 46. Qb4 Rb8 47.
Qd2 Rd8 48. Bf3 Nb7 49. Bxd5 Kb8 50. Qd4 Rxc2 51. Qe4 Rc7 52. Bxb7 Rxb7 53. Qh7
Rd4 54. Qxh6 Rh4+ 55. Kg3 Rb3+ 56. Kf2 Rf4+ 57. Ke2 Rbb4 58. Qxa6 g4 59. g3
Rb2+ 60. Kd3 Rf3+ 1-0

[Event "Bundesliga 0001"]
[Site "Deutschland"]
[Date "2000.12.09"]
[Round "3.6"]
[White "Pelletier, Yannick"]
[Black "Polzin, Rainer"]
[Result "1/2-1/2"]
[WhiteElo "2474"]
[BlackElo "2465"]
[PlyCount "96"]
[EventDate "2000.10.14"]
[EventType "team"]
[EventRounds "15"]
[EventCountry "GER"]
[SourceTitle "Bundesliga 0001"]
[Source "DeepChess"]
[SourceDate "2005.01.01"]
[SourceVersion "1"]
[SourceVersionDate "2005.01.01"]
[SourceQuality "1"]
[WhiteTeam "SAbt SV Werder Bremen"]
[BlackTeam "SF Neukoelln 03 e.V."]
[WhiteTeamCountry "GER"]
[BlackTeamCountry "GER"]

1. Nf3 Nf6 2. c4 g6 3. Nc3 Bg7 4. d4 O-O 5. e4 d6 6. Be2 e5 7. O-O Nc6 8. d5
Ne7 9. Bg5 h6 10. Bxf6 Bxf6 11. b4 Kg7 12. c5 Ng8 13. Qc2 Be7 14. Nb5 Bg4 15.
Nfd4 Bxe2 16. Nxe2 a6 17. Na3 a5 18. b5 dxc5 19. Nc4 Bd6 20. b6 cxb6 21. Rab1
Ra6 22. Rb5 Ne7 23. Qb2 Nc8 24. Rb1 Qe7 25. Nxb6 Nxb6 26. Rxb6 Rxb6 27. Qxb6 c4
28. Qxa5 Rc8 29. Nc3 Bc5 30. Qa4 Bd4 31. Nb5 Qc5 32. Qc2 c3 33. a4 Ra8 34. g3
Qc4 35. Ra1 Qb4 36. Ra2 Ra6 37. d6 Ra8 38. Kg2 Rd8 39. h4 Qc4 40. Ra3 Qc5 41.
Ra1 Qc6 42. Qd3 Qc5 43. Rc1 Qb4 44. Nxc3 Rxd6 45. Nb5 Rc6 46. Rb1 Qxa4 47. Nxd4
exd4 48. Rxb7 Rd6 1/2-1/2

[Event "Bundesliga 0001"]
[Site "Deutschland"]
[Date "2000.12.09"]
[Round "3.7"]
[White "Rudolf, Henrik"]
[Black "Meins, Gerlef"]
[Result "1/2-1/2"]
[WhiteElo "2308"]
[BlackElo "2426"]
[PlyCount "84"]
[EventDate "2000.10.14"]
[EventType "team"]
[EventRounds "15"]
[EventCountry "GER"]
[SourceTitle "Bundesliga 0001"]
[Source "DeepChess"]
[SourceDate "2005.01.01"]
[SourceVersion "1"]
[SourceVersionDate "2005.01.01"]
[SourceQuality "1"]
[WhiteTeam "SF Neukoelln 03 e.V."]
[BlackTeam "SAbt SV Werder Bremen"]
[WhiteTeamCountry "GER"]
[BlackTeamCountry "GER"]

1. e4 c5 2. Nf3 Nc6 3. d4 cxd4 4. Nxd4 Nf6 5. Nc3 d6 6. Bg5 e6 7. Qd2 Be7 8.
O-O-O Nxd4 9. Qxd4 O-O 10. h4 a6 11. f3 Qa5 12. Kb1 b5 13. Rc1 Rd8 14. Qf2 Bb7
15. Bd3 Rac8 16. Nd1 Qc7 17. Re1 h6 18. Bd2 d5 19. e5 Nd7 20. Qg3 Kh8 21. h5
Nc5 22. Nf2 Nxd3 23. Nxd3 a5 24. f4 b4 25. Qh3 d4 26. f5 exf5 27. Qxf5 Bd5 28.
Nf4 Qd7 29. g4 Bg5 30. Qxd7 Rxd7 31. Nxd5 Bxd2 32. Nb6 Rcd8 33. Nxd7 Rxd7 34.
Re4 Bxc1 35. Kxc1 d3 36. Kd2 dxc2+ 37. Kxc2 Kg8 38. a3 bxa3 39. bxa3 Kf8 40. e6
fxe6 41. Rxe6 Rd4 42. Rg6 Kf7 1/2-1/2

[Event "Bundesliga 0001"]
[Site "Deutschland"]
[Date "2000.12.09"]
[Round "3.8"]
[White "Heissler, Jakob"]
[Black "Thiede, Lars"]
[Result "1/2-1/2"]
[WhiteElo "2447"]
[BlackElo "2421"]
[PlyCount "62"]
[EventDate "2000.10.14"]
[EventType "team"]
[EventRounds "15"]
[EventCountry "GER"]
[SourceTitle "Bundesliga 0001"]
[Source "DeepChess"]
[SourceDate "2005.01.01"]
[SourceVersion "1"]
[SourceVersionDate "2005.01.01"]
[SourceQuality "1"]
[WhiteTeam "SAbt SV Werder Bremen"]
[BlackTeam "SF Neukoelln 03 e.V."]
[WhiteTeamCountry "GER"]
[BlackTeamCountry "GER"]

1. e4 g6 2. d4 Bg7 3. Nf3 d6 4. c3 Nf6 5. Nbd2 O-O 6. Be2 c5 7. dxc5 dxc5 8.
O-O Qc7 9. Qc2 b6 10. Re1 Bb7 11. Bf1 Nc6 12. Nc4 Rfd8 13. a4 Rab8 14. Bg5 h6
15. Bh4 Nh5 16. e5 Na5 17. e6 f5 18. Nce5 Bxf3 19. Nxf3 c4 20. Bg3 Nxg3 21.
hxg3 Rd5 22. Rad1 Rbd8 23. Rxd5 Rxd5 24. Rd1 Qd6 25. Rxd5 Qxd5 26. Qe2 Bf6 27.
Nd2 Qc6 28. g4 fxg4 29. Qxg4 Kg7 30. Nxc4 Nxc4 31. Qxc4 Qxc4 1/2-1/2

[Event "Bundesliga 0001"]
[Site "Deutschland"]
[Date "2000.12.09"]
[Round "3.2"]
[White "Kalka, Arkadius Georg"]
[Black "Van Wely, Loek"]
[Result "0-1"]
[WhiteElo "2378"]
[BlackElo "2643"]
[PlyCount "114"]
[EventDate "2000.10.14"]
[EventType "team"]
[EventRounds "15"]
[EventCountry "GER"]
[SourceTitle "Bundesliga 0001"]
[Source "DeepChess"]
[SourceDate "2005.01.01"]
[SourceVersion "1"]
[SourceVersionDate "2005.01.01"]
[SourceQuality "1"]
[WhiteTeam "SC Hassel KS Gelsenkirchen"]
[BlackTeam "SG Porz e.V."]
[WhiteTeamCountry "GER"]
[BlackTeamCountry "GER"]

1. e4 c5 2. Nf3 d6 3. d4 cxd4 4. Nxd4 Nf6 5. Nc3 a6 6. Be3 e6 7. g4 e5 8. Nf5
g6 9. g5 gxf5 10. exf5 d5 11. Qf3 d4 12. O-O-O Nbd7 13. Bd2 Qc7 14. gxf6 dxc3
15. Bxc3 Qc6 16. Qg3 Bh6+ 17. Kb1 Bf4 18. Qd3 O-O 19. Rg1+ Kh8 20. Bb4 Nc5 21.
Qc3 Qxf6 22. Bxc5 Bxf5 23. Qa3 Rfc8 24. Bd3 Qe6 25. Bxf5 Qxf5 26. Be7 Rxc2 27.
Ka1 Rc6 28. Bd8 Bh6 29. Qe7 Qe6 30. Qxb7 Rac8 31. Qb4 Bg7 32. a3 e4 33. Ba5 Rc2
34. Rb1 Qe5 35. Rg3 Rb8 36. Bb6 Rxb2 37. Rxb2 Qxb2+ 38. Qxb2 Bxb2+ 39. Kxb2
Rxb6+ 40. Kc3 Rf6 41. Kd4 Rxf2 42. Kxe4 Rxh2 43. Kf5 Rh6 44. Rc3 Kg7 45. Rg3+
Rg6 46. Rc3 h6 47. a4 Rg5+ 48. Kf4 Ra5 49. Rc4 Kg6 50. Rc6+ f6 51. Rc4 h5 52.
Kf3 Rf5+ 53. Ke3 Kg5 54. Rc1 h4 55. Rg1+ Kh5 56. Rg8 h3 57. Ke4 Rg5 0-1

[Event "Bundesliga 0001"]
[Site "Deutschland"]
[Date "2000.12.09"]
[Round "3.4"]
[White "Meessen, Rudolf"]
[Black "Sokolov, Ivan"]
[Result "0-1"]
[WhiteElo "2306"]
[BlackElo "2611"]
[PlyCount "82"]
[EventDate "2000.10.14"]
[EventType "team"]
[EventRounds "15"]
[EventCountry "GER"]
[SourceTitle "Bundesliga 0001"]
[Source "DeepChess"]
[SourceDate "2005.01.01"]
[SourceVersion "1"]
[SourceVersionDate "2005.01.01"]
[SourceQuality "1"]
[WhiteTeam "SC Hassel KS Gelsenkirchen"]
[BlackTeam "SG Porz e.V."]
[WhiteTeamCountry "GER"]
[BlackTeamCountry "GER"]

1. d4 Nf6 2. c4 c6 3. Nc3 d5 4. Nf3 dxc4 5. a4 Bf5 6. e3 e6 7. Bxc4 Nbd7 8. O-O
Bd6 9. Qe2 Ne4 10. Nxe4 Bxe4 11. Nd2 Bg6 12. e4 Bb4 13. Nf3 O-O 14. Rd1 Bh5 15.
Bd2 Bxd2 16. Rxd2 Qa5 17. Rd3 b5 18. Bb3 c5 19. Rdd1 cxd4 20. axb5 Qb6 21. Ra6
Bxf3 22. gxf3 Qc5 23. f4 Nb6 24. Qd3 Rfd8 25. Kh1 Qe7 26. Rg1 Qh4 27. Qf3 d3
28. f5 Qf6 29. Qg3 exf5 30. e5 Qh6 31. Qf3 f4 32. Qb7 Qh5 33. e6 d2 34. exf7+
Kf8 35. Qe4 Qxb5 36. Rxb6 axb6 37. Bc2 Qd5 38. Qxd5 Rxd5 39. Rd1 Rc8 40. Bb3
Rc1 41. Kg2 Rxd1 0-1

[Event "Bundesliga 0001"]
[Site "Deutschland"]
[Date "2000.12.09"]
[Round "3.7"]
[White "Hansen, Curt"]
[Black "Hille, Ralph Ingo"]
[Result "1-0"]
[WhiteElo "2613"]
[BlackElo "2244"]
[PlyCount "63"]
[EventDate "2000.10.14"]
[EventType "team"]
[EventRounds "15"]
[EventCountry "GER"]
[SourceTitle "Bundesliga 0001"]
[Source "DeepChess"]
[SourceDate "2005.01.01"]
[SourceVersion "1"]
[SourceVersionDate "2005.01.01"]
[SourceQuality "1"]
[WhiteTeam "SG Porz e.V."]
[BlackTeam "SC Hassel KS Gelsenkirchen"]
[WhiteTeamCountry "GER"]
[BlackTeamCountry "GER"]

1. c4 e5 2. Nc3 Nf6 3. g3 c6 4. Nf3 e4 5. Nd4 d5 6. cxd5 Qb6 7. Nb3 cxd5 8. d3
Ng4 9. d4 Bb4 10. Bg2 O-O 11. O-O Nf6 12. Bg5 Nbd7 13. Rc1 Re8 14. a3 Bd6 15.
Bh3 h6 16. Bxd7 Nxd7 17. Bf4 Bxf4 18. Nxd5 Qd6 19. Nxf4 Nf6 20. Na5 g5 21. Nc4
Qd7 22. Ng2 Qh3 23. Nge3 Bg4 24. Ne5 h5 25. Qd2 Kf8 26. N3xg4 Nxg4 27. Nxg4
Qxg4 28. Rc5 Re6 29. Rxg5 Qh3 30. Qb4+ Ke8 31. Rg8+ Kd7 32. Qxb7+ 1-0

[Event "Bundesliga 0001"]
[Site "Deutschland"]
[Date "2000.12.09"]
[Round "3.8"]
[White "Partenheimer, Axel"]
[Black "Graf, Alexander"]
[Result "1-0"]
[WhiteElo "2196"]
[BlackElo "2642"]
[PlyCount "103"]
[EventDate "2000.10.14"]
[EventType "team"]
[EventRounds "15"]
[EventCountry "GER"]
[SourceTitle "Bundesliga 0001"]
[Source "DeepChess"]
[SourceDate "2005.01.01"]
[SourceVersion "1"]
[SourceVersionDate "2005.01.01"]
[SourceQuality "1"]
[WhiteTeam "SC Hassel KS Gelsenkirchen"]
[BlackTeam "SG Porz e.V."]
[WhiteTeamCountry "GER"]
[BlackTeamCountry "GER"]

1. Nf3 Nf6 2. g3 g6 3. c4 Bg7 4. Bg2 c5 5. O-O d5 6. cxd5 Nxd5 7. Nc3 Nc7 8. d3
Nc6 9. Nd2 Bd7 10. Nc4 O-O 11. Bd2 b5 12. Ne3 Rb8 13. Rc1 Ne6 14. b3 Ncd4 15.
Re1 Re8 16. Ncd5 a5 17. Nf1 b4 18. Nf4 a4 19. e3 Nxf4 20. gxf4 Ne6 21. Ng3 axb3
22. axb3 Qb6 23. Bd5 Bb5 24. Qc2 Red8 25. Bc4 Qa6 26. Red1 Rxd3 27. Qxd3 Bxc4
28. Qxc4 Qb7 29. Qe4 Qa6 30. Be1 Bf6 31. Qc4 Qb7 32. Ne4 Bb2 33. Rc2 Bd4 34.
Ng5 Nxg5 35. fxg5 Qf3 36. Qe2 Qd5 37. exd4 Qxg5+ 38. Kf1 Qd5 39. f3 cxd4 40.
Rc4 e5 41. Qe4 Qe6 42. Ra1 Kg7 43. Bg3 Rb5 44. Ra7 d3 45. Qxd3 Rd5 46. Qe2 Qh3+
47. Kg1 Qe6 48. Rcc7 e4 49. Rxf7+ Kg8 50. Rfe7 Qb6+ 51. Bf2 Qc6 52. Qc4 1-0

[Event "Bundesliga 0001"]
[Site "Deutschland"]
[Date "2000.12.09"]
[Round "3.3"]
[White "Rustemov, Alexander"]
[Black "Buhmann, Rainer"]
[Result "1/2-1/2"]
[WhiteElo "2534"]
[BlackElo "2416"]
[PlyCount "146"]
[EventDate "2000.10.14"]
[EventType "team"]
[EventRounds "15"]
[EventCountry "GER"]
[SourceTitle "Bundesliga 0001"]
[Source "DeepChess"]
[SourceDate "2005.01.01"]
[SourceVersion "1"]
[SourceVersionDate "2005.01.01"]
[SourceQuality "1"]
[WhiteTeam "SV Wattenscheid 1930"]
[BlackTeam "SF 1982 Baiertal Schatthausen"]
[WhiteTeamCountry "GER"]
[BlackTeamCountry "GER"]

1. d4 e6 2. c4 b6 3. Nf3 Bb7 4. a3 f5 5. g3 Nf6 6. Bg2 Be7 7. O-O O-O 8. d5
exd5 9. Ne1 c6 10. cxd5 Nxd5 11. Bxd5+ cxd5 12. Be3 Qe8 13. Ng2 Kh8 14. Nc3 Bc5
15. Nb5 Bxe3 16. Nxe3 Qe5 17. Qd4 Qxd4 18. Nxd4 Nc6 19. Rfd1 Ne7 20. Rd2 g6 21.
Rad1 a6 22. Rd3 Rac8 23. Rb3 Rf6 24. f3 Kg7 25. Kf2 Rc5 26. Rbd3 Rf8 27. Ng2
Re8 28. h3 Nc8 29. g4 fxg4 30. hxg4 Nd6 31. Rb3 Nc4 32. Nf4 Rcc8 33. Nd3 Bc6
34. Rc1 Bb7 35. Rbc3 Kf8 36. Rh1 Kg7 37. Rcc1 Nd6 38. Rxc8 Rxc8 39. g5 a5 40.
Ne5 Ba6 41. Nxd7 Nf5 42. Nxb6 Re8 43. e3 Nxd4 44. exd4 Re2+ 45. Kg3 Rxb2 46.
Nxd5 Rb5 47. Nc7 Rxg5+ 48. Kf2 Bc8 49. Re1 h5 50. Re8 Bh3 51. d5 Rg2+ 52. Ke3
Ra2 53. Re7+ Kf6 54. d6 Rxa3+ 55. Kd4 Rxf3 56. Nd5+ Kg5 57. d7 Bxd7 58. Rxd7 h4
59. Ke4 Rf8 60. Ne3 Rf4+ 61. Kd3 h3 62. Ke2 h2 63. Rd1 Rh4 64. Rh1 a4 65. Nf1
a3 66. Nxh2 Kh5 67. Kf2 a2 68. Kg2 Rb4 69. Nf3+ Kg4 70. Rh4+ Kf5 71. Rxb4 a1=Q
72. Kg3 Qc3 73. Rf4+ Ke6 1/2-1/2

[Event "Bundesliga 0001"]
[Site "Deutschland"]
[Date "2000.12.09"]
[Round "3.4"]
[White "Duppel, Matthias"]
[Black "Handke, Florian"]
[Result "1/2-1/2"]
[WhiteElo "2376"]
[BlackElo "2455"]
[PlyCount "69"]
[EventDate "2000.10.14"]
[EventType "team"]
[EventRounds "15"]
[EventCountry "GER"]
[SourceTitle "Bundesliga 0001"]
[Source "DeepChess"]
[SourceDate "2005.01.01"]
[SourceVersion "1"]
[SourceVersionDate "2005.01.01"]
[SourceQuality "1"]
[WhiteTeam "SF 1982 Baiertal Schatthausen"]
[BlackTeam "SV Wattenscheid 1930"]
[WhiteTeamCountry "GER"]
[BlackTeamCountry "GER"]

1. d4 Nf6 2. c4 e6 3. Nc3 Bb4 4. Qc2 O-O 5. a3 Bxc3+ 6. Qxc3 b6 7. Bg5 Ba6 8.
e3 d6 9. Bd3 Nbd7 10. Ne2 Rc8 11. Qc2 h6 12. Bh4 c5 13. Qa4 Bb7 14. O-O Qc7 15.
Nc3 a6 16. Rac1 Bc6 17. Qd1 Qb7 18. d5 exd5 19. cxd5 Nxd5 20. Nxd5 Bxd5 21.
Bxa6 Qxa6 22. Qxd5 Ne5 23. Rc3 b5 24. e4 Qc6 25. Be7 Rfe8 26. Bxd6 Nc4 27. Qxc6
Rxc6 28. e5 Nxb2 29. Rb1 Nc4 30. g3 Nxe5 31. Bxe5 Rxe5 32. Rxb5 Re1+ 33. Kg2
Ra1 34. h4 Ra2 35. Rbxc5 1/2-1/2

[Event "Bundesliga 0001"]
[Site "Deutschland"]
[Date "2000.12.09"]
[Round "3.5"]
[White "Holzke, Frank"]
[Black "Meissner, Bernd Guenther"]
[Result "0-1"]
[WhiteElo "2470"]
[BlackElo "2372"]
[PlyCount "128"]
[EventDate "2000.10.14"]
[EventType "team"]
[EventRounds "15"]
[EventCountry "GER"]
[SourceTitle "Bundesliga 0001"]
[Source "DeepChess"]
[SourceDate "2005.01.01"]
[SourceVersion "1"]
[SourceVersionDate "2005.01.01"]
[SourceQuality "1"]
[WhiteTeam "SV Wattenscheid 1930"]
[BlackTeam "SF 1982 Baiertal Schatthausen"]
[WhiteTeamCountry "GER"]
[BlackTeamCountry "GER"]

1. e4 e5 2. Nf3 Nf6 3. d4 Nxe4 4. Bd3 d5 5. Nxe5 Nd7 6. Nxd7 Bxd7 7. O-O Bd6 8.
c4 c6 9. cxd5 cxd5 10. Qh5 O-O 11. Qxd5 Bc6 12. Qh5 g6 13. Qh3 Ng5 14. Qg4 Ne6
15. Bh6 Re8 16. Nc3 Nxd4 17. Rad1 Be5 18. f4 f5 19. Qg3 Bf6 20. Kh1 Qb6 21.
Bc4+ Kh8 22. Nd5 Bxd5 23. Bxd5 Rad8 24. Bf7 Re2 25. Bg5 Kg7 26. Bc4 Rxb2 27.
Rde1 Qc6 28. Bxf6+ Qxf6 29. Qa3 Nc6 30. h3 Rc2 31. Bb3 Rcd2 32. Ba4 R8d3 33.
Qc1 Rxa2 34. Qb1 Qb2 35. Qxb2+ Rxb2 36. Bxc6 bxc6 37. Re7+ Kf6 38. Rfe1 Rd6 39.
Rxh7 Re6 40. Rxe6+ Kxe6 41. Rxa7 c5 42. Kh2 Kd5 43. Kg3 c4 44. Rd7+ Kc6 45. Rd8
Kc5 46. Rc8+ Kb4 47. Rb8+ Ka3 48. Ra8+ Kb3 49. Rb8+ Kc3 50. Rg8 Rb6 51. Rc8 Kd3
52. Rd8+ Ke4 53. Rc8 Kd5 54. Kh4 Rc6 55. Rd8+ Ke4 56. Kg5 c3 57. Rd1 c2 58. Rc1
Rc3 59. Kxg6 Kxf4 60. h4 Rg3+ 61. Kf6 Rxg2 62. Rf1+ Ke3 63. h5 f4 64. h6 Rh2
0-1